Italia diseño (Record no. 10952)
[ view plain ]
| 000 -CABECERA | |
|---|---|
| campo de control de longitud fija | 01172nam a22003017a 4500 |
| 001 - NÚMERO DE CONTROL | |
| campo de control | BRCA_9330 |
| 003 - IDENTIFICADOR DEL NÚMERO DE CONTROL | |
| campo de control | FranzMayer |
| 005 - FECHA Y HORA DE LA ÚLTIMA TRANSACCIÓN | |
| campo de control | 20230918120548.0 |
| 008 - DATOS DE LONGITUD FIJA--INFORMACIÓN GENERAL | |
| campo de control de longitud fija | 230825b |||||||| |||| 00| 0 eng d |
| 020 ## - NÚMERO INTERNACIONAL ESTÁNDAR DEL LIBRO | |
| Número Internacional Estándar del Libro | 9687180218 |
| 040 ## - FUENTE DE LA CATALOGACIÓN | |
| Centro catalogador/agencia de origen | MFM |
| Lengua de catalogación | español |
| Centro/agencia transcriptor | MFM |
| 050 #0 - SIGNATURA TOPOGRÁFICA DE LA BIBLIOTECA DEL CONGRESO | |
| Número de clasificación | NK1452 |
| Número de documento/Ítem | .R84 1986 |
| 110 ## - ENTRADA PRINCIPAL--NOMBRE DE ENTIDAD CORPORATIVA | |
| Código de función/relación | Responsbale |
| Nombre de entidad corporativa o nombre de jurisdicción como elemento de entrada | Museo Rufino Tamayo |
| 9 (RLIN) | 29148 |
| 240 ## - TÍTULO UNIFORME | |
| Título uniforme | Italia diseño |
| Medio | 1946/1986 |
| Lenguaje de la obra | español |
| 245 0# - MENCIÓN DE TÍTULO | |
| Título | Italia diseño |
| Resto del título | 1946/1986 |
| 260 ## - PUBLICACIÓN, DISTRIBUCIÓN, ETC. | |
| Lugar de publicación, distribución, etc. | México |
| Nombre del editor, distribuidor, etc. | Museo Rufino Tamayo |
| Fecha de publicación, distribución, etc. | 1983 |
| 300 ## - DESCRIPCIÓN FÍSICA | |
| Extensión | 160 p |
| Otras características físicas | Ilustraciones a color |
| Dimensiones | 28 cm |
| 500 ## - NOTA GENERAL | |
| Nota general | Anexo 1 |
| 500 ## - NOTA GENERAL | |
| Nota general | El libro contiene una línea del tiempo en la parte trasera, la cual se extiende. |
| 505 ## - NOTA DE CONTENIDO CON FORMATO | |
| Nota de contenido con formato | Texto en: españolIncluye índice temáticoIncluye lista de obrasIncluye bibliografía pp:159-160Dirigido a: artistas, museógrafos o personas con interés en el arte Europeo contemporáneo. |
| 650 1# - PUNTO DE ACCESO ADICIONAL DE MATERIA--TÉRMINO DE MATERIA | |
| Fuente del encabezamiento o término | Diseño |
| Término de materia o nombre geográfico como elemento de entrada | Historia |
| Subdivisión de forma | Siglo XX |
| 9 (RLIN) | 29149 |
| 651 2# - PUNTO DE ACCESO ADICIONAL DE MATERIA--NOMBRE GEOGRÁFICO | |
| Fuente del encabezamiento o término | Arte europeo |
| Nombre geográfico | Italia |
| 9 (RLIN) | 29150 |
| 700 1# - PUNTO DE ACCESO ADICIONAL--NOMBRE DE PERSONA | |
| Código de función/relación | Dis. |
| Nombre de persona | Klier von, Hans |
| 9 (RLIN) | 29151 |
| 700 1# - PUNTO DE ACCESO ADICIONAL--NOMBRE DE PERSONA | |
| Código de función/relación | Asis. |
| Nombre de persona | Kimura, Akira |
| 9 (RLIN) | 29152 |
| 700 1# - PUNTO DE ACCESO ADICIONAL--NOMBRE DE PERSONA | |
| Código de función/relación | Coord. |
| Nombre de persona | Melissa, Lilia |
| 9 (RLIN) | 29153 |
| 700 1# - PUNTO DE ACCESO ADICIONAL--NOMBRE DE PERSONA | |
| Código de función/relación | Inv. |
| Nombre de persona | Paride Vidari, Pier |
| 9 (RLIN) | 29154 |
| 942 ## - ELEMENTOS DE PUNTO DE ACCESO ADICIONAL (KOHA) | |
| Fuente del sistema de clasificación o colocación | Library of Congress Classification |
| Tipo de ítem Koha | Hemerográfico |
| Estado de retiro | Estado de pérdida | Fuente del sistema de clasificación o colocación | Estado dañado | No para préstamo | Código de colección | Localización permanente | Ubicación/localización actual | Fecha de adquisición | Total de préstamos | Signatura topográfica completa | Código de barras | Fecha visto por última vez | Precio válido a partir de | Tipo de ítem Koha |
|---|---|---|---|---|---|---|---|---|---|---|---|---|---|---|
| El ejemplar forma parte de la colección y puede ser consultado según las políticas vigentes. | Library of Congress Classification | Fondo Contemporáneo | Biblioteca del Museo Franz Mayer (Rogerio Casas-Alatriste) | Biblioteca del Museo Franz Mayer (Rogerio Casas-Alatriste) | 25/08/2023 | NK1452 .R84 1986 | CONT10086 | 25/08/2023 | 25/08/2023 | Hemerográfico |